Las ideas estéticas de Esteban de Arteaga / (Record no. 133347)

MARC details
000 -LEADER
campo de control de longitud fija 00674nam a2200193 i 4500
001 - NÚMERO DE CONTROL
campo de control 133347
003 - IDENTIFICADOR DE NÚMERO DE CONTROL
campo de control ES-MaACL
005 - FECHA Y HORA DE LA ÚLTIMA TRANSACCIÓN
campo de control 20230906194359.0
007 - CAMPO FIJO DE DESCRIPCIÓN FÍSICA--INFORMACIÓN GENERAL
campo de control de longitud fija t|
008 - DATOS DE LONGITUD FIJA--INFORMACIÓN GENERAL
campo de control de longitud fija 070214s1971 sp r ||||1| spa d
100 1# - ENTRADA PRINCIPAL--NOMBRE DE PERSONA
Nombre de persona Rudat, Eva Marja.
9 (RLIN) 100476
245 14 - MENCIÓN DEL TÍTULO
Título Las ideas estéticas de Esteban de Arteaga /
Mención de responsabilidad, etc. Eva Marja Rudat ; traducción de Carmen Criado de Rodríguez Puértolas.
260 ## - PUBLICACIÓN, DISTRIBUCIÓN, ETC.
Lugar de publicación, distribución, etc. Madrid :
Nombre del editor, distribuidor, etc. Gredos,
Fecha de publicación, distribución, etc. 1971.
300 ## - DESCRIPCIÓN FÍSICA
Extensión 340 p. ;
Dimensiones 21 cm.
600 14 - PUNTO DE ACCESO ADICIONAL DE MATERIA--NOMBRE DE PERSONA
Nombre de persona Arteaga, Esteban de (
Fechas asociadas al nombre 1747-1799)
9 (RLIN) 23432
650 #4 - PUNTO DE ACCESO ADICIONAL DE MATERIA--TÉRMINO DE MATERIA
Término de materia o nombre geográfico como elemento de entrada Estética-
Subdivisión general Obras anteriores a 1800.
9 (RLIN) 12538
700 1# - ENTRADA AGREGADA--NOMBRE PERSONAL
Nombre de persona Criado de Rodríguez Puértolas, Carmen.
9 (RLIN) 41604
852 ## - LOCALIZACIÓN
Ubicación ES-MaACL
Número de control de estantería C-42421
Sublocalización o colección R.81037
Holdings
Estatus retirado Estado de pérdida Estado de daño No para préstamo Biblioteca de origen Biblioteca actual Ubicación en estantería Fecha de adquisición Fuente de adquisición Total de préstamos Signatura topográfica completa Código de barras Visto por última vez Precio de reemplazo Tipo de ítem Koha
        Biblioteca del Ateneo de Madrid Biblioteca del Ateneo de Madrid Depósito 2 17/01/2008     C-42421 1138819 23/02/2023 23/02/2023 Libro impreso